Research Methodology, (Sem-III) (Record no. 41306)
[ view plain ]
| 000 -LEADER | |
|---|---|
| fixed length control field | 00494nam a2200181Ia 4500 |
| 008 - FIXED-LENGTH DATA ELEMENTS--GENERAL INFORMATION | |
| fixed length control field | 220531s9999 xx 000 0 und d |
| 041 ## - LANGUAGE CODE | |
| Language code of text/sound track or separate title | eng |
| 082 ## - DEWEY DECIMAL CLASSIFICATION NUMBER | |
| Item number | RES / JAD |
| 100 ## - MAIN ENTRY--PERSONAL NAME | |
| Personal name | Jadhavar, S. U. and Others |
| 9 (RLIN) | 74154 |
| 245 ## - TITLE STATEMENT | |
| Title | Research Methodology, (Sem-III) |
| 250 ## - EDITION STATEMENT | |
| Edition statement | 1ST |
| 260 ## - PUBLICATION, DISTRIBUTION, ETC. (IMPRINT) | |
| Place of publication, distribution, etc. | Pune |
| Name of publisher, distributor, etc. | Success |
| Date of publication, distribution, etc. | 2014 |
| 300 ## - PHYSICAL DESCRIPTION | |
| Extent | 4.34 |
| 542 ## - INFORMATION RELATING TO COPYRIGHT STATUS | |
| Copyright holder | 09-10-2018 |
| 650 ## - SUBJECT ADDED ENTRY--TOPICAL TERM | |
| Topical term or geographic name as entry element | Research Methodology |
| 9 (RLIN) | 74155 |
| 906 ## - LOCAL DATA ELEMENT F, LDF (RLIN) | |
| c | M.Com-II |
| d | 2018-2019 |
| e | Elantas Beck Co. |
| f | 15383 |
| Withdrawn status | Lost status | Source of classification or shelving scheme | Damaged status | Not for loan | Collection code | Home library | Current library | Date acquired | Vendor | Cost, normal purchase price | Total Checkouts | Total Holds | Full call number | Barcode | Date last seen | Cost, replacement price | Bill Date | Koha item type | Original Barcode |
|---|---|---|---|---|---|---|---|---|---|---|---|---|---|---|---|---|---|---|---|
| Withdrawn | Dewey Decimal Classification | Shri Siddhivinayak Mahila Mahavidyalaya | Shri Siddhivinayak Mahila Mahavidyalaya | 29/11/2018 | Vaibhav | 150.00 | 10 | /RES/JAD/B/28227 | SSMM-BK-28227 | 06/08/2022 | 140.00 | 06/08/2022 | Books | 010028227 |